| 000 | 00645nam a22002057a 4500 | ||
|---|---|---|---|
| 003 | OSt | ||
| 005 | 20260303045025.0 | ||
| 008 | 260130b |||||||| |||| 00| 0 eng d | ||
| 020 | _a978-971-27-2213-4 | ||
| 040 |
_aDWCL-Main Lib _cOC |
||
| 082 | _aFil. 959.90562 M741 2010 | ||
| 245 | _aMondo Marcos : writtings on martial law and the Marcos babies | ||
| 260 |
_aPasig City : _bAnvil Publishing, _cc2010. |
||
| 300 |
_a198 p. ; _c23 cm. |
||
| 650 | _aMarcos, Ferdinand E., 1917-1989. | ||
| 650 | _aMartial law - Philippines. | ||
| 700 |
_aCIMATU, FRANK _eEditor |
||
| 700 |
_dTOLENTINO, ROLANDO B. _eEditor |
||
| 942 |
_2ddc _cBK - FIL _mFil. _n0 |
||
| 999 |
_c8033 _d8033 |
||